The Application of latex to highway and floor surfacing (Record no. 70466)

MARC details
000 -LEADER
fixed length control field 00374nam a2200133Ia 4500
100 ## - MAIN ENTRY--AUTHOR NAME
Personal name Wren W G
245 #4 - TITLE STATEMENT
Title The Application of latex to highway and floor surfacing
260 ## - PUBLICATION, DISTRIBUTION, ETC. (IMPRINT)
Name of publisher Journal of the Rubber Research Institute of Malaya
Year of publication 1940
300 ## - PHYSICAL DESCRIPTION
Number of Pages 15-Jan
650 ## - SUBJECT ADDED ENTRY--TOPICAL TERM
Topical Term Floor surfacing
650 ## - SUBJECT ADDED ENTRY--TOPICAL TERM
Topical Term Latex
942 ## - ADDED ENTRY ELEMENTS (KOHA)
Koha item type Journals
Holdings
Withdrawn status Lost status Damaged status Not for loan Home library Current library Shelving location Date acquired Serial Enumeration / chronology Koha item type
      Journals RRII Library RRII Library Rubber chemistry 17/12/2021 Volume 10, Issue 245 Journals